| 000 | 00000nam##2200000za#4500 |
| 001 | 9.644102 |
| 003 | CaOODSP |
| 005 | 20220505163029 |
| 007 | cr ||||||||||| |
| 008 | 150407|2014||||xxc|||||o f|0| 0 fre|d |
| 020 | |a978-0-660-23108-2 |
| 040 | |aCaOODSP|bfre |
| 043 | |an-cn--- |
| 086 | 1 |aHP40-129/2014F-PDF |
| 110 | 2 |aAgence de santé publique du Canada. |
| 245 | 10|aL'hépatite B au Canada : |h[ressource électronique]|brapport de surveillance de 2005-2011 / |c[publié par] Centre de la lutte contre les maladies transmissibles et les infections, Direction générale de la prévention et du contrôle des maladies infectieuses. |
| 260 | |aOttawa - Ontario : |bAgence de santé publique du Canada |cDécembre 2014. |
| 300 | |a38p.|bgraphiques, références, tableaux |
| 590 | |a15-12|b2015-03-20 |
| 691 | 07|aHépatite|2gcpds |
| 775 | 08|tHepatitis B in Canada : |w(CaOODSP)9.700194 |
| 856 | 40|ahttp://publications.gc.ca|qPDF|s1.53 Mo|uhttps://publications.gc.ca/collections/collection_2015/aspc-phac/HP40-129-2014-fra.pdf |
| 986 | |aPub. : 140396 |